Normal view
MARC view
Entry Topical Term
001 - CONTROL NUMBER
- control field: 11274
003 - CONTROL NUMBER IDENTIFIER
- control field: BD-RjUL
005 - DATE AND TIME OF LATEST TRANSACTION
- control field: 20240130130743.0
008 - FIXED-LENGTH DATA ELEMENTS
- fixed length control field: 240130|| aca||aabn | a|a d
040 ## - CATALOGING SOURCE
- Original cataloging agency: BD-RjUL
- Transcribing agency: BD-RjUL
150 ## - HEADING--TOPICAL TERM
- Topical term or geographic name entry element: Weights and measures, Arab
670 ## - SOURCE DATA FOUND
- Source citation: Work cat.: (BD-RjUL)82866: شوشترى، محمد على امام.;; Shūshtarī, Muḥammad ʻAlī Imām, 1864 or 1865-1972. 11273, تاريخ مقياسات و نقود در حكومت اسلامى ;; Tārīkh-i miqyāsāt va-nuqūd dar ḥukūmat-i Islāmī /, 1339 [1960 or 61]